000 00483nam a2200181Ia 4500
005 20250508153002.0
008 008 250505s9999 xx 000 0 hin d
037 _aTextual
040 _aFEDL
_beng
_cFEDL
041 _ahin
_2eng
084 _a891.432, OJH
_qFEDL
100 _aOjha Dashratt
_9762916
245 0 _aSwatantra bharat
260 _aDelhi, India
_bS Garg and Company
300 _a165p
942 _cTEXL
_h891.432, OJH
999 _c1339998
_d1339998